| 000 | 00792cam a2200265 i 4500 | ||
|---|---|---|---|
| 001 | 4156508 | ||
| 003 | ARRUPE | ||
| 005 | 20160322091752.0 | ||
| 008 | 781212s1978 enk b 001 0 eng | ||
| 010 | _a 78040293 | ||
| 015 | _aGB*** | ||
| 020 |
_a0710088167 : _cยท8.95 |
||
| 040 |
_aDLC _cDLC _dDLC |
||
| 043 | _aa-cc--- | ||
| 050 | 0 | 0 |
_aHQ1767 _b.C944 |
| 082 | 0 | 0 | _a301.41/2/0951 |
| 100 | 1 |
_aCroll, Elisabeth, _d1944-2007. _923074 |
|
| 245 | 1 | 0 |
_aFeminism and socialism in China / _cElisabeth Croll. |
| 260 |
_aLondon ; _aBoston : _bRoutledge & Kegan Paul, _c1978. |
||
| 300 |
_a363 p. ; _c23 cm. |
||
| 504 | _aIncludes bibliographical references and index. | ||
| 650 | 0 |
_aFeminism _zChina. _923075 |
|
| 906 |
_a7 _bcbc _corignew _d2 _eocip _f19 _gy-gencatlg |
||
| 942 |
_2lcc _cMONOGRAPH |
||
| 999 |
_c124410 _d124410 |
||